LA RESOLUCION DE PROBLEMAS EN MATEMATICAS (Registro nro. 51329)
[ vista simple ]
| 000 -LEADER | |
|---|---|
| fixed length control field | 00710nam a2200193 a 4500 |
| 001 - CONTROL NUMBER | |
| control field | 51329 |
| 005 - DATE AND TIME OF LATEST TRANSACTION | |
| control field | 20180714040735.0 |
| 008 - FIXED-LENGTH DATA ELEMENTS--GENERAL INFORMATION | |
| fixed length control field | 140415s2007 sp 000 0 spa d |
| 020 ## - INTERNATIONAL STANDARD BOOK NUMBER | |
| International Standard Book Number | 978847822648 |
| 041 ## - LANGUAGE CODE | |
| Language code of text/sound track or separate title | spa |
| 082 ## - DEWEY DECIMAL CLASSIFICATION NUMBER | |
| Classification number | 510.076 |
| Item number | RES |
| 245 03 - TITLE STATEMENT | |
| Title | LA RESOLUCION DE PROBLEMAS EN MATEMATICAS |
| 250 ## - EDITION STATEMENT | |
| Edition statement | 2a ed. |
| 260 ## - PUBLICATION, DISTRIBUTION, ETC. | |
| Place of publication, distribution, etc. | ESPAÑA : |
| Name of publisher, distributor, etc. | GRAO, |
| Date of publication, distribution, etc. | 2007 |
| 300 ## - PHYSICAL DESCRIPTION | |
| Extent | 931 |
| Dimensions | 14.9 x 0.8 x 21 |
| 490 ## - SERIES STATEMENT | |
| Series statement | COLECCION AUDITORIA |
| 520 ## - SUMMARY, ETC. | |
| Summary, etc. | PRESENTA TEMAS DE ACTUALIDAD, DIVULGA APORTACIONES DE RECONOCIDOS ESPECIALISTAS Y , A SU VEZ, PROPORCIONA PAUTAS Y EJEMPLOS DE CÓMO LLEVARLOS A LA PRÁCTICA |
| 650 14 - SUBJECT ADDED ENTRY--TOPICAL TERM | |
| Topical term or geographic name entry element | MATEMATICAS |
| General subdivision | ESTUDIO Y ENSEANZA |
| -- | MATEMATICAS |
| -- | PROBLEMAS, EJERCICIOS, ETC |
| Withdrawn status | Lost status | Source of classification or shelving scheme | Damaged status | Not for loan | Collection code | Home library | Current library | Shelving location | Date acquired | Source of acquisition | Inventory number | Total Checkouts | Total Renewals | Full call number | Barcode | Date last seen | Date last checked out | Price effective from | Koha item type |
|---|---|---|---|---|---|---|---|---|---|---|---|---|---|---|---|---|---|---|---|
| Dewey Decimal Classification | General | Biblioteca Karol Wojtyla | Biblioteca Karol Wojtyla | Sala general | 03/12/2013 | Compra | 151000000000000000037210 | 4 | 1 | 510.076 RES | 76499 | 20/03/2026 | 07/03/2026 | 03/12/2013 | Libro |